[Event "Mexican op 66th"]
[Site "Villahermosa"]
[Date "2021.08.04"]
[Round "1"]
[White "Vega Garcia, Jorge Arturo"]
[Black "Barron Zarraga, Ismael"]
[Result "1-0"]
[WhiteElo "2190"]
[BlackElo "1731"]
[PlyCount "75"]
[EventDate "2021.08.04"]
[EventType "swiss"]
[EventRounds "8"]
[EventCountry "MEX"]
[SourceTitle "CBM 203 Extra"]
[Source "ChessBase"]
[SourceDate "2021.09.30"]
[SourceVersion "1"]
[SourceVersionDate "2021.09.30"]
[SourceQuality "1"]

1. e4 e5 2. Nf3 Nc6 3. Bb5 a6 4. Ba4 Nf6 5. 0-0 Be7 6. Re1 b5 7. Bb3 0-0 8. h3 d6 9. c3 Na5 10. Bc2 c5 11. d4 Nc6 12. d5 Nb8 13. a4 Bb7 14. Qe2 Qd7 15. Na3 b4 16. Nc4 Qc7 17. cxb4 cxb4 18. a5 Nbd7 19. Bd2 Rac8 20. b3 Nc5 21. Nb6 Rcd8 22. Bxb4 Nfd7 23. Rec1 Nxb6 24. axb6 Qb8 25. Ba5 Rc8 26. b4 Nd7 27. Ba4 Rxc1+ 28. Rxc1 Rc8 29. Rc7 Rxc7 30. bxc7 Qc8 31. Qc4 Nf8 32. Bc6 Bxc6 33. Qxc6 Ng6 34. Qb6 Bf8 35. Qb8 Ne7 36. Nxe5 dxe5 37. d6 Qd7 38. dxe7 1-0